| 000 | 00747nas a2200229 4500 | ||
|---|---|---|---|
| 001 | BR7700986 | ||
| 003 | BR-BrBNA | ||
| 005 | 20231205083102.0 | ||
| 007 | ta | ||
| 008 | 230509b bl.|||p| |||| 00| 00por d | ||
| 040 |
_aBR-BrBNA _bpor _cBiblioteca Nacional de Agricultura |
||
| 041 | _a(Pt) | ||
| 072 | _aH20; H10 | ||
| 100 | 1 | _aCosta, A.S. | |
| 245 | 1 | _aComparacao de machos e femeas de Bemisia tabaci na transmissao do mosaico dourado do feijoeiro [Phaseolus vulgaris, mosca, virus, Brasil] | |
| 650 | _aFEIJAO | ||
| 650 | _aMOSCA | ||
| 650 | _aMOSAICO DOURADO | ||
| 773 | 0 |
_tFitopatologia Brasileira (Brazil) _xISSN 0100-4158 _g(Jun 1976), v. 1(2) p. 99-101 _wBR7700986 |
|
| 909 |
_a202311 _bLúcia _c55 _dLúcia Elande |
||
| 942 |
_2AGRIS _n0 _cANA |
||
| 999 |
_c96310 _d96310 |
||